[Event "GBR-ch 108th"]
[Site "Torquay"]
[Date "2022.08.16"]
[Round "4.30"]
[White "Waddington, Michael P"]
[Black "Horton, Justin"]
[Result "1/2-1/2"]
[WhiteElo "2066"]
[BlackElo "2058"]
[PlyCount "21"]
[EventDate "2022.08.13"]
[EventType "swiss"]
[EventRounds "9"]
[EventCountry "GBR"]
[SourceTitle "BritBase"]
[Source "John Saunders"]
[SourceDate "2022.08.22"]
[SourceVersion "1"]
[SourceVersionDate "2022.08.22"]
[SourceQuality "2"]

1. e4 c5 2. Nc3 Nc6 3. Bb5 Nd4 4. Nf3 Nxb5 5. Nxb5 g6 6. O-O Bg7 7. d4 cxd4 8.
Nfxd4 d6 9. Be3 a6 10. Nc3 Nf6 11. Bc1 1/2-1/2

[Event "GBR-ch 108th"]
[Site "Torquay"]
[Date "2022.08.17"]
[Round "5.1"]
[White "Pert, Richard G"]
[Black "Clarke, Brandon G I"]
[Result "1/2-1/2"]
[WhiteElo "2411"]
[BlackElo "2474"]
[PlyCount "20"]
[EventDate "2022.08.13"]
[EventType "swiss"]
[EventRounds "9"]
[EventCountry "GBR"]
[SourceTitle "BritBase"]
[Source "John Saunders"]
[SourceDate "2022.08.22"]
[SourceVersion "1"]
[SourceVersionDate "2022.08.22"]
[SourceQuality "2"]

1. d4 Nf6 2. Nf3 g6 3. g3 Bg7 4. Bg2 O-O 5. O-O d5 6. c3 Nbd7 7. a4 a5 8. Bf4
h6 9. Na3 c6 10. Qb3 Nh5 1/2-1/2

[Event "GBR-ch 108th"]
[Site "Torquay"]
[Date "2022.08.17"]
[Round "5.2"]
[White "Arkell, Keith C"]
[Black "Kirk, Ezra"]
[Result "1-0"]
[WhiteElo "2409"]
[BlackElo "2442"]
[PlyCount "119"]
[EventDate "2022.08.13"]
[EventType "swiss"]
[EventRounds "9"]
[EventCountry "GBR"]
[SourceTitle "BritBase"]
[Source "John Saunders"]
[SourceDate "2022.08.22"]
[SourceVersion "1"]
[SourceVersionDate "2022.08.22"]
[SourceQuality "2"]

1. d4 Nf6 2. Nf3 g6 3. g3 Bg7 4. Bg2 O-O 5. O-O d6 6. c4 Nbd7 7. Nc3 e5 8. e4
Re8 9. h3 exd4 10. Nxd4 Nc5 11. Re1 h6 12. Rb1 a5 13. b3 c6 14. Bb2 h5 15. Qd2
a4 16. b4 Ne6 17. Nf3 Nd7 18. Qxd6 Bf8 19. Qd2 Bxb4 20. Ba1 Bf8 21. Rbd1 Bg7
22. e5 h4 23. Ne4 hxg3 24. fxg3 Qb6+ 25. Kh2 Rd8 26. Qc1 Qc7 27. Nf6+ Nxf6 28.
exf6 Bf8 29. Rxd8 Qxd8 30. Ne5 Ra5 31. Be4 Bd6 32. Nxg6 Rg5 33. Ne7+ Kf8 34.
Nf5 Qc7 35. Nxd6 Qxd6 36. Qe3 b5 37. cxb5 cxb5 38. Rc1 Bd7 39. a3 Rxg3 40. Qxg3
Qd2+ 41. Bg2 Qxc1 42. Be5 Qg5 43. Bd6+ Kg8 44. Qf2 Nf8 45. h4 Qf5 46. Qxf5 Bxf5
47. Bf1 Bd7 48. Kg3 Bc6 49. Kf4 Nd7 50. Kg5 Kh8 51. Bd3 Kg8 52. h5 Kh8 53. h6
Kg8 54. h7+ Kh8 55. Kh6 b4 56. Bxb4 Ne5 57. Bf8 Ng4+ 58. Kg5 Nxf6 59. Kxf6 Be4
60. Bg7+ 1-0

[Event "GBR-ch 108th"]
[Site "Torquay"]
[Date "2022.08.17"]
[Round "5.3"]
[White "Pert, Nicholas"]
[Black "Grieve, Harry"]
[Result "1/2-1/2"]
[WhiteElo "2537"]
[BlackElo "2390"]
[PlyCount "82"]
[EventDate "2022.08.13"]
[EventType "swiss"]
[EventRounds "9"]
[EventCountry "GBR"]
[SourceTitle "BritBase"]
[Source "John Saunders"]
[SourceDate "2022.08.22"]
[SourceVersion "1"]
[SourceVersionDate "2022.08.22"]
[SourceQuality "2"]

1. d4 d5 2. c4 e6 3. Nf3 Nf6 4. Nc3 c5 5. cxd5 Nxd5 6. e3 cxd4 7. exd4 Nxc3 8.
bxc3 Qc7 9. Bb2 Nd7 10. Bd3 Ba3 11. Qb3 Bxb2 12. Qxb2 O-O 13. O-O b6 14. Rae1
Bb7 15. Re3 Rac8 16. Qe2 Qf4 17. Be4 Bxe4 18. Rxe4 Qf5 19. Rc1 Rc7 20. Ne5 Nxe5
21. dxe5 Rfc8 22. Re3 h5 23. h3 Rc4 24. Qd2 Qf4 25. Rd1 R4c5 26. Qe2 Qf5 27.
Rdd3 g6 28. h4 Qg4 29. Qxg4 hxg4 30. Kh2 Ra5 31. Re2 Rc4 32. Kg3 Rca4 33. Rd4
Rxa2 34. Rxa2 Rxa2 35. Rxg4 b5 36. Rb4 a6 37. Rb3 Ra4 38. f4 Kg7 39. Kf3 Rc4
40. Ra3 Ra4 41. Rb3 Rc4 1/2-1/2

[Event "GBR-ch 108th"]
[Site "Torquay"]
[Date "2022.08.17"]
[Round "5.4"]
[White "Emms, John M"]
[Black "Lane, Gary W"]
[Result "1-0"]
[WhiteElo "2474"]
[BlackElo "2328"]
[PlyCount "87"]
[EventDate "2022.08.13"]
[EventType "swiss"]
[EventRounds "9"]
[EventCountry "GBR"]
[SourceTitle "BritBase"]
[Source "John Saunders"]
[SourceDate "2022.08.22"]
[SourceVersion "1"]
[SourceVersionDate "2022.08.22"]
[SourceQuality "2"]

1. e4 e5 2. Nf3 Nc6 3. Bc4 Bc5 4. c3 Nf6 5. d3 O-O 6. b4 Bb6 7. a4 a6 8. O-O h6
9. Re1 d6 10. Nbd2 Nh5 11. Nf1 Qf6 12. Ng3 Nf4 13. Be3 Bg4 14. Bxb6 cxb6 15.
Re3 g5 16. h3 Bd7 17. Nh2 Qg6 18. b5 Na5 19. Ba2 h5 20. d4 Rad8 21. Rb1 Kh8 22.
bxa6 bxa6 23. Rxb6 Nc6 24. Nf5 exd4 25. cxd4 a5 26. Rxc6 Bxc6 27. Ne7 Qf6 28.
Nxc6 Ra8 29. Bc4 Rfe8 30. d5 Kh7 31. Bf1 Qh6 32. Qd4 Qg7 33. Qd1 Qg6 34. Qd4 f5
35. f3 g4 36. fxg4 fxg4 37. hxg4 hxg4 38. e5 Qg5 39. g3 dxe5 40. Nxe5 Nxd5 41.
Bd3+ Kg7 42. Nexg4+ Kf8 43. Rf3+ Ke7 44. Qc5+ 1-0

[Event "GBR-ch 108th"]
[Site "Torquay"]
[Date "2022.08.17"]
[Round "5.5"]
[White "Gormally, Daniel W"]
[Black "Claridge-Hansen, William"]
[Result "1-0"]
[WhiteElo "2466"]
[BlackElo "2345"]
[PlyCount "41"]
[EventDate "2022.08.13"]
[EventType "swiss"]
[EventRounds "9"]
[EventCountry "GBR"]
[SourceTitle "BritBase"]
[Source "John Saunders"]
[SourceDate "2022.08.22"]
[SourceVersion "1"]
[SourceVersionDate "2022.08.22"]
[SourceQuality "2"]

1. d4 Nf6 2. c4 e6 3. Nf3 b6 4. a3 Ba6 5. Qc2 Bb7 6. Nc3 c5 7. d5 exd5 8. cxd5
Nxd5 9. Nxd5 Bxd5 10. Bf4 Be7 11. Rd1 Be6 12. e3 Nc6 13. Bd3 h6 14. O-O Qc8 15.
Be4 O-O 16. Rd2 a6 17. Ne5 Nxe5 18. Bxe5 d5 19. Rxd5 Bxd5 20. Bxd5 Ra7 21. Qg6
1-0

[Event "GBR-ch 108th"]
[Site "Torquay"]
[Date "2022.08.17"]
[Round "5.6"]
[White "Willow, Jonah B"]
[Black "Wadsworth, Matthew J"]
[Result "0-1"]
[WhiteElo "2393"]
[BlackElo "2418"]
[PlyCount "80"]
[EventDate "2022.08.13"]
[EventType "swiss"]
[EventRounds "9"]
[EventCountry "GBR"]
[SourceTitle "BritBase"]
[Source "John Saunders"]
[SourceDate "2022.08.22"]
[SourceVersion "1"]
[SourceVersionDate "2022.08.22"]
[SourceQuality "2"]

1. e4 c5 2. Nf3 e6 3. d4 cxd4 4. Nxd4 Nc6 5. Nc3 Qc7 6. f4 Nxd4 7. Qxd4 b6 8.
Be3 Bb7 9. O-O-O Nf6 10. e5 Nd5 11. Nxd5 Bxd5 12. Kb1 Rc8 13. c4 Bc5 14. Qd2
Bxe3 15. Qxe3 b5 16. Rc1 bxc4 17. Be2 Qb6 18. Qxb6 axb6 19. Bf3 Bxf3 20. gxf3
d5 21. exd6 Kd7 22. Rhd1 Rc6 23. Rd4 Rhc8 24. a4 c3 25. b3 Rc5 26. Kc2 Rh5 27.
Rh1 Rh3 28. Rd3 Rc6 29. Rxc3 Kxd6 30. Rd1+ Kc7 31. Rxc6+ Kxc6 32. Rd3 Rxh2+ 33.
Kc3 h5 34. Kb4 Rh4 35. Rc3+ Kb7 36. Rc4 g5 37. Kb5 Rxf4 38. Rc3 h4 39. Rd3 Rf5+
40. Kc4 h3 0-1

[Event "GBR-ch 108th"]
[Site "Torquay"]
[Date "2022.08.17"]
[Round "5.7"]
[White "Merriman, John"]
[Black "Hebden, Mark L"]
[Result "1-0"]
[WhiteElo "2297"]
[BlackElo "2476"]
[PlyCount "105"]
[EventDate "2022.08.13"]
[EventType "swiss"]
[EventRounds "9"]
[EventCountry "GBR"]
[SourceTitle "BritBase"]
[Source "John Saunders"]
[SourceDate "2022.08.22"]
[SourceVersion "1"]
[SourceVersionDate "2022.08.22"]
[SourceQuality "2"]

1. d4 Nf6 2. c4 g6 3. Nc3 Bg7 4. e4 d6 5. f3 O-O 6. Bg5 c5 7. d5 e6 8. Qd2 h6
9. Be3 exd5 10. cxd5 a6 11. a4 Re8 12. Nge2 Nbd7 13. Nd1 Ne5 14. Nec3 Nh5 15.
Bxh6 Qh4+ 16. Nf2 Bxh6 17. Qxh6 Bd7 18. Qd2 b5 19. Be2 Qf4 20. Qc2 c4 21. O-O
b4 22. Ncd1 Qg5 23. Re1 Nf4 24. Ne3 Kg7 25. g3 Nh3+ 26. Nxh3 Qxe3+ 27. Nf2 Rh8
28. Qc1 Nxf3+ 29. Bxf3 Qxf3 30. Qxc4 Rxh2 31. Qd4+ f6 32. Kxh2 Rh8+ 33. Kg1
Qxg3+ 34. Kf1 Rh2 35. Qe3 Bh3+ 36. Ke2 Qe5 37. Rab1 f5 38. Rh1 Bg4+ 39. Kf1
Rxh1+ 40. Nxh1 f4 41. Qa7+ Kh6 42. Nf2 Bh5 43. Qxa6 f3 44. Qd3 g5 45. Qe3 Qg3
46. Rc1 Be8 47. b3 Kh5 48. Ke1 Kh4 49. Kd2 Qe5 50. Rh1+ Kg3 51. Rh3+ Kg2 52.
Qxf3+ Kg1 53. Rh1# 1-0

[Event "GBR-ch 108th"]
[Site "Torquay"]
[Date "2022.08.17"]
[Round "5.8"]
[White "Davies, Nigel R"]
[Black "Kolbus, Dietmar"]
[Result "1/2-1/2"]
[WhiteElo "2425"]
[BlackElo "2272"]
[PlyCount "93"]
[EventDate "2022.08.13"]
[EventType "swiss"]
[EventRounds "9"]
[EventCountry "GBR"]
[SourceTitle "BritBase"]
[Source "John Saunders"]
[SourceDate "2022.08.22"]
[SourceVersion "1"]
[SourceVersionDate "2022.08.22"]
[SourceQuality "2"]

1. Nf3 d5 2. g3 c6 3. Bg2 g6 4. O-O Bg7 5. c4 Nf6 6. b3 O-O 7. Bb2 Nbd7 8. d3
Re8 9. Nbd2 Nh5 10. Bxg7 Nxg7 11. d4 Nf6 12. e3 Bg4 13. Qc2 Bxf3 14. Nxf3 e6
15. Ne5 Nd7 16. Nd3 Nf5 17. Rfd1 Qe7 18. Qb2 Nd6 19. Rac1 Red8 20. Qa3 Kf8 21.
Qb4 Rab8 22. a4 Ne8 23. Qc3 Kg8 24. Nb2 Ndf6 25. Nd3 Nd7 26. Re1 Ndf6 27. Rcd1
Ra8 28. b4 Rac8 29. c5 Nc7 30. f3 Qf8 31. e4 Qg7 32. e5 Nd7 33. f4 Rf8 34. Re2
a6 35. Rde1 Ra8 36. Nf2 Rfc8 37. Bf1 Ne8 38. Kh1 Qf8 39. Rb2 Qe7 40. Bd3 b5 41.
Ra1 Rab8 42. g4 f5 43. gxf5 exf5 44. Qd2 Nf8 45. Nh3 Ne6 46. Qf2 N8g7 47. a5
1/2-1/2

[Event "GBR-ch 108th"]
[Site "Torquay"]
[Date "2022.08.17"]
[Round "5.9"]
[White "Taylor, Adam A"]
[Black "Jackson, James P"]
[Result "0-1"]
[WhiteElo "2204"]
[BlackElo "2406"]
[PlyCount "72"]
[EventDate "2022.08.13"]
[EventType "swiss"]
[EventRounds "9"]
[EventCountry "GBR"]
[SourceTitle "BritBase"]
[Source "John Saunders"]
[SourceDate "2022.08.22"]
[SourceVersion "1"]
[SourceVersionDate "2022.08.22"]
[SourceQuality "2"]

1. Nf3 Nf6 2. g3 g6 3. Bg2 Bg7 4. O-O c5 5. c3 O-O 6. d4 Na6 7. Nbd2 d5 8. h3
cxd4 9. cxd4 Qb6 10. Qb3 Bf5 11. g4 Be6 12. a3 Qd6 13. Ne5 h5 14. g5 Nd7 15.
Nxd7 Qxd7 16. Nf3 Nb8 17. Bf4 Nc6 18. Kh2 Bxd4 19. Nxd4 Nxd4 20. Qd3 Nc6 21.
Rfd1 Rfd8 22. b4 a6 23. Rac1 Rac8 24. e3 h4 25. Rc5 Qe8 26. Qc3 b6 27. Rxc6
Qxc6 28. Qd4 b5 29. Be5 Qc4 30. Qb6 d4 31. Bb7 Qe2 32. Rg1 Qxf2+ 33. Rg2 Qxe3
34. Bc7 Qxh3+ 35. Kg1 Qe3+ 36. Rf2 Qc1+ 0-1

[Event "GBR-ch 108th"]
[Site "Torquay"]
[Date "2022.08.17"]
[Round "5.10"]
[White "Derakhshani, Borna"]
[Black "Zapolskis, Antanas"]
[Result "1-0"]
[WhiteElo "2374"]
[BlackElo "2266"]
[PlyCount "63"]
[EventDate "2022.08.13"]
[EventType "swiss"]
[EventRounds "9"]
[EventCountry "GBR"]
[SourceTitle "BritBase"]
[Source "John Saunders"]
[SourceDate "2022.08.22"]
[SourceVersion "1"]
[SourceVersionDate "2022.08.22"]
[SourceQuality "2"]

1. d4 b5 2. e4 a6 3. a4 Bb7 4. Nd2 b4 5. Ngf3 e6 6. c4 d6 7. Bd3 Nd7 8. O-O g5
9. Nb3 g4 10. Ne1 Ngf6 11. Qe2 e5 12. Na5 Qc8 13. c5 dxc5 14. dxe5 Nxe5 15. Bc2
Nc6 16. Nxb7 Qxb7 17. Be3 Ne5 18. Bg5 Nfd7 19. f4 gxf3 20. Nxf3 Rg8 21. Nxe5
Nxe5 22. Bf6 Ng4 23. Bb3 Qb6 24. a5 Qd6 25. Bxf7+ Kxf7 26. Be5+ Ke7 27. Bxd6+
cxd6 28. Qf3 Rg7 29. e5 Rb8 30. exd6+ Kd7 31. Qf5+ Kc6 32. Rad1 1-0

[Event "GBR-ch 108th"]
[Site "Torquay"]
[Date "2022.08.17"]
[Round "5.11"]
[White "Eggleston, David J"]
[Black "Domenech, Vianney"]
[Result "1-0"]
[WhiteElo "2331"]
[BlackElo "2258"]
[PlyCount "65"]
[EventDate "2022.08.13"]
[EventType "swiss"]
[EventRounds "9"]
[EventCountry "GBR"]
[SourceTitle "BritBase"]
[Source "John Saunders"]
[SourceDate "2022.08.22"]
[SourceVersion "1"]
[SourceVersionDate "2022.08.22"]
[SourceQuality "2"]

1. e4 c5 2. Nf3 d6 3. Bb5+ Nd7 4. O-O a6 5. Bd3 Ngf6 6. Re1 b5 7. c4 g5 8. Nxg5
Ne5 9. Be2 h6 10. Nf3 Nxc4 11. Bxc4 bxc4 12. Na3 e5 13. Nxc4 Rg8 14. Ne3 Be6
15. d3 Nd7 16. Nd2 Be7 17. Ndc4 Rg6 18. Qh5 Nf6 19. Qf3 Ng4 20. Nf5 d5 21. Nce3
Nxe3 22. Bxe3 d4 23. Bd2 Qb6 24. b3 a5 25. Bxh6 Kd7 26. Bd2 Qc6 27. g3 Rf6 28.
Qh5 Rxf5 29. exf5 Bd5 30. Rxe5 Bh1 31. f3 Bxf3 32. Qxf7 Re8 33. Rae1 1-0

[Event "GBR-ch 108th"]
[Site "Torquay"]
[Date "2022.08.17"]
[Round "5.12"]
[White "Rudd, Jack"]
[Black "Dishman, Stephen"]
[Result "1-0"]
[WhiteElo "2318"]
[BlackElo "2248"]
[PlyCount "67"]
[EventDate "2022.08.13"]
[EventType "swiss"]
[EventRounds "9"]
[EventCountry "GBR"]
[SourceTitle "BritBase"]
[Source "John Saunders"]
[SourceDate "2022.08.22"]
[SourceVersion "1"]
[SourceVersionDate "2022.08.22"]
[SourceQuality "2"]

1. d4 d5 2. c4 c6 3. Nf3 Nf6 4. Nc3 dxc4 5. e4 b5 6. e5 Nd5 7. a4 e6 8. axb5
Nxc3 9. bxc3 cxb5 10. Ng5 Bb7 11. Qh5 g6 12. Qg4 Be7 13. h4 h5 14. Qf4 Bxg5 15.
hxg5 Nd7 16. Ba3 Nb6 17. Bd6 Nd5 18. Qd2 Ne7 19. Rh3 a5 20. g4 h4 21. f4 Nc8
22. Bc5 Qd5 23. O-O-O Ne7 24. Qf2 Kd7 25. f5 gxf5 26. Bxe7 Kxe7 27. gxf5 exf5
28. Be2 Qg2 29. Qxf5 Qxe2 30. d5 Rhf8 31. d6+ Kd8 32. Qf6+ Kc8 33. d7+ Kb8 34.
Qd6+ 1-0

[Event "GBR-ch 108th"]
[Site "Torquay"]
[Date "2022.08.17"]
[Round "5.13"]
[White "Price, Gwilym"]
[Black "Toma, Katarzyna"]
[Result "1/2-1/2"]
[WhiteElo "2129"]
[BlackElo "2303"]
[PlyCount "75"]
[EventDate "2022.08.13"]
[EventType "swiss"]
[EventRounds "9"]
[EventCountry "GBR"]
[SourceTitle "BritBase"]
[Source "John Saunders"]
[SourceDate "2022.08.22"]
[SourceVersion "1"]
[SourceVersionDate "2022.08.22"]
[SourceQuality "2"]

1. e4 c5 2. Nf3 d6 3. d4 cxd4 4. Nxd4 Nf6 5. Nc3 a6 6. Nb3 Nbd7 7. a4 b6 8. g4
h6 9. Bg2 Bb7 10. h4 g6 11. g5 hxg5 12. hxg5 Rxh1+ 13. Bxh1 Nh5 14. Bf3 Ng7 15.
Be3 e6 16. Qd2 Qc7 17. O-O-O O-O-O 18. a5 b5 19. Bg4 Ne8 20. f3 Nc5 21. Nxc5
dxc5 22. Nd5 Bxd5 23. exd5 Kb8 24. Bf4 Bd6 25. Bxd6 Rxd6 26. Qe1 Ng7 27. Qe5
Nf5 28. Bxf5 gxf5 29. f4 exd5 30. Qxf5 Qxa5 31. Qxf7 Qa1+ 32. Kd2 Qxb2 33. Re1
Qd4+ 34. Kc1 Qa1+ 35. Kd2 Qd4+ 36. Kc1 Qa1+ 37. Kd2 Qd4+ 38. Kc1 1/2-1/2

[Event "GBR-ch 108th"]
[Site "Torquay"]
[Date "2022.08.17"]
[Round "5.14"]
[White "Ward, Christopher"]
[Black "Balaji, Aaravamudhan"]
[Result "0-1"]
[WhiteElo "2402"]
[BlackElo "2194"]
[PlyCount "98"]
[EventDate "2022.08.13"]
[EventType "swiss"]
[EventRounds "9"]
[EventCountry "GBR"]
[SourceTitle "BritBase"]
[Source "John Saunders"]
[SourceDate "2022.08.22"]
[SourceVersion "1"]
[SourceVersionDate "2022.08.22"]
[SourceQuality "2"]

1. d4 Nf6 2. c4 g6 3. Nc3 Bg7 4. e4 d6 5. Nge2 O-O 6. Ng3 e5 7. d5 a5 8. Be2 h5
9. Bg5 Qe8 10. Qd2 Na6 11. O-O-O Ng4 12. Bxg4 Bxg4 13. f3 Bd7 14. Bh6 Qe7 15.
Nf1 Nc5 16. Bxg7 Kxg7 17. Ne3 a4 18. h4 f5 19. exf5 gxf5 20. f4 exf4 21. Nc2
Qe5 22. Nd4 Qe3 23. Rh3 Qxd2+ 24. Rxd2 Ne4 25. Re2 Kf6 26. Rf3 Ke5 27. Rd3 Rae8
28. Ncb5 Bxb5 29. Nxb5 Rf7 30. Nd4 Rg7 31. Nf3+ Kf6 32. Ng5 Ree7 33. Ne6 Rg4
34. Rf3 Ke5 35. Ra3 c6 36. Rxa4 cxd5 37. cxd5 Kxd5 38. Nd4 Rc7+ 39. Kd1 Rxh4
40. Nxf5 Rh1+ 41. Re1 Rc1+ 42. Kxc1 Rxe1+ 43. Kc2 Re2+ 44. Kd1 Rxg2 45. Ra5+
Ke6 46. Nd4+ Kf6 47. Ke1 Rd2 48. Nf3 Rxb2 49. Rxh5 Rb1+ 0-1

[Event "GBR-ch 108th"]
[Site "Torquay"]
[Date "2022.08.17"]
[Round "5.15"]
[White "Villiers, Thomas"]
[Black "Wells, Peter K"]
[Result "0-1"]
[WhiteElo "2170"]
[BlackElo "2396"]
[PlyCount "70"]
[EventDate "2022.08.13"]
[EventType "swiss"]
[EventRounds "9"]
[EventCountry "GBR"]
[SourceTitle "BritBase"]
[Source "John Saunders"]
[SourceDate "2022.08.22"]
[SourceVersion "1"]
[SourceVersionDate "2022.08.22"]
[SourceQuality "2"]

1. d4 Nf6 2. Nf3 d5 3. c4 e6 4. g3 Bb4+ 5. Bd2 Be7 6. Bg2 c6 7. Qc2 Nbd7 8. O-O
O-O 9. b3 b6 10. Nc3 Ba6 11. e4 dxc4 12. Rfe1 e5 13. dxe5 Ng4 14. Rad1 Bc5 15.
Bg5 Nxf2 16. Bxd8 Nxd1+ 17. Kh1 Nf2+ 18. Kg1 Nd3+ 19. Kh1 Nxe1 20. Nxe1 Raxd8
21. Nf3 Rfe8 22. bxc4 Bxc4 23. Na4 Bb5 24. Nxc5 Nxc5 25. h4 Bd3 26. Qc1 Bxe4
27. Qf4 Nd3 28. Qe3 Bxf3 29. Qxf3 Nxe5 30. Qa3 Rd2 31. h5 Ng4 32. Bf1 Re1 33.
Qa6 Rxf1+ 34. Qxf1 Rd1 35. Qxd1 Nf2+ 0-1

[Event "GBR-ch 108th"]
[Site "Torquay"]
[Date "2022.08.17"]
[Round "5.16"]
[White "Lan Yao"]
[Black "Jones, Steven A"]
[Result "1/2-1/2"]
[WhiteElo "2274"]
[BlackElo "2210"]
[PlyCount "108"]
[EventDate "2022.08.13"]
[EventType "swiss"]
[EventRounds "9"]
[EventCountry "GBR"]
[SourceTitle "BritBase"]
[Source "John Saunders"]
[SourceDate "2022.08.22"]
[SourceVersion "1"]
[SourceVersionDate "2022.08.22"]
[SourceQuality "2"]

1. e4 c5 2. Nf3 d6 3. d4 cxd4 4. Nxd4 Nf6 5. Nc3 a6 6. Bg5 e6 7. f4 h6 8. Bh4
Qb6 9. Qd2 Qxb2 10. Rb1 Qa3 11. f5 Be7 12. fxe6 fxe6 13. Bc4 Nxe4 14. Nxe4
Bxh4+ 15. g3 Bg5 16. Nxg5 hxg5 17. O-O Qc5 18. Qf2 Nc6 19. Nxe6 Qxf2+ 20. Rxf2
Bxe6 21. Bxe6 Rb8 22. Bd5 Ne5 23. Bxb7 Ke7 24. Rb3 a5 25. Bd5 g4 26. Ra3 Rb5
27. c4 Rc5 28. Rb3 Rhc8 29. Rf4 R5c7 30. Re4 g5 31. Rb6 Rc5 32. Rb7+ R5c7 33.
Rb1 Kf6 34. Rf1+ Kg7 35. Be6 Re8 36. Bxg4 Rxc4 37. Rxc4 Nxc4 38. Rc1 Ne5 39.
Be2 Rb8 40. Rc2 g4 41. Kf2 Kf6 42. Ke3 Rb4 43. Rd2 Ke6 44. Rd4 Rb2 45. Ra4 d5
46. Bxg4+ Nxg4+ 47. Rxg4 Rxa2 48. h4 Ra3+ 49. Kf2 Ra2+ 50. Kf3 a4 51. h5 Rh2
52. Rxa4 Rxh5 53. Kf4 Rf5+ 54. Ke3 Ke5 1/2-1/2

[Event "GBR-ch 108th"]
[Site "Torquay"]
[Date "2022.08.17"]
[Round "5.17"]
[White "Turner, Max N"]
[Black "Eames, Robert S"]
[Result "1-0"]
[WhiteElo "2247"]
[BlackElo "2112"]
[PlyCount "133"]
[EventDate "2022.08.13"]
[EventType "swiss"]
[EventRounds "9"]
[EventCountry "GBR"]
[SourceTitle "BritBase"]
[Source "John Saunders"]
[SourceDate "2022.08.22"]
[SourceVersion "1"]
[SourceVersionDate "2022.08.22"]
[SourceQuality "2"]

1. d4 e6 2. c4 f5 3. g3 Nf6 4. Bg2 d5 5. Nf3 Bd6 6. O-O O-O 7. Nc3 c6 8. Qc2
Ne4 9. Rb1 Nd7 10. b4 b6 11. cxd5 cxd5 12. Nb5 Ba6 13. Nxd6 Nxd6 14. Bg5 Nf6
15. Ne5 Rc8 16. Qb2 Qe8 17. Rfc1 Qh5 18. Bxf6 gxf6 19. Nf3 Bc4 20. Nd2 Bxe2 21.
Qa3 f4 22. Qxa7 f3 23. Qd7 Rxc1+ 24. Rxc1 Nf7 25. Bf1 Qh6 26. Rc2 f5 27. Qc7
Bxf1 28. Nxf1 Qh3 29. Ne3 Nh6 30. Qe7 Ng4 31. Qh4 Qxh4 32. gxh4 Nf6 33. Nf1 Ne4
34. h3 Kf7 35. Nh2 Ra8 36. Nxf3 Ra3 37. Ne5+ Kg7 38. Rc7+ Kh6 39. Re7 Rxh3 40.
f3 Nd2 41. Rxe6+ Kg7 42. Rxb6 Rxh4 43. a4 Rxd4 44. a5 Nc4 45. Nxc4 dxc4 46. Rc6
c3 47. Rxc3 Rxb4 48. Ra3 Rb7 49. a6 Ra7 50. Kg2 Kf6 51. Kg3 Kg5 52. Ra4 h5 53.
Ra5 h4+ 54. Kh3 Kf4 55. Ra3 Ke5 56. Ra4 f4 57. Kxh4 Rh7+ 58. Kg5 Rg7+ 59. Kh6
Ra7 60. Kg6 Kd5 61. Kg5 Kc5 62. Kxf4 Kb6 63. Ke5 Ra8 64. a7 Kb7 65. f4 Re8+ 66.
Kf6 Ka8 67. f5 1-0

[Event "GBR-ch 108th"]
[Site "Torquay"]
[Date "2022.08.17"]
[Round "5.18"]
[White "Birtwistle, Nigel"]
[Black "Stoyanov, Viktor"]
[Result "1-0"]
[WhiteElo "2151"]
[BlackElo "2246"]
[PlyCount "69"]
[EventDate "2022.08.13"]
[EventType "swiss"]
[EventRounds "9"]
[EventCountry "GBR"]
[SourceTitle "BritBase"]
[Source "John Saunders"]
[SourceDate "2022.08.22"]
[SourceVersion "1"]
[SourceVersionDate "2022.08.22"]
[SourceQuality "2"]

1. e4 e5 2. f4 exf4 3. Nf3 d6 4. d4 g5 5. h4 g4 6. Ng1 Nf6 7. Bxf4 Nxe4 8. Bd3
d5 9. Bxe4 dxe4 10. Qe2 Bd6 11. Qxe4+ Qe7 12. Qxe7+ Kxe7 13. Ne2 Bxf4 14. Nxf4
Rd8 15. Nc3 Rxd4 16. Nfd5+ Kd8 17. Nxc7 Kxc7 18. Nb5+ Kb6 19. Nxd4 Nc6 20. Nxc6
Kxc6 21. O-O-O Be6 22. Rhf1 Rg8 23. g3 Rg6 24. Rf4 Kc7 25. Rdf1 Kc6 26. Kd2 f5
27. Re1 b5 28. a3 Kd6 29. a4 a6 30. axb5 axb5 31. Rd4+ Bd5 32. Re8 Kc5 33. c3
Be4 34. Ke3 Rg7 35. Re6 1-0

[Event "GBR-ch 108th"]
[Site "Torquay"]
[Date "2022.08.17"]
[Round "5.19"]
[White "Milchev, Nikolay"]
[Black "Payne, Matthew J"]
[Result "1-0"]
[WhiteElo "2408"]
[BlackElo "2155"]
[PlyCount "82"]
[EventDate "2022.08.13"]
[EventType "swiss"]
[EventRounds "9"]
[EventCountry "GBR"]
[SourceTitle "BritBase"]
[Source "John Saunders"]
[SourceDate "2022.08.22"]
[SourceVersion "1"]
[SourceVersionDate "2022.08.22"]
[SourceQuality "2"]

1. d4 Nf6 2. c4 g6 3. Nc3 Bg7 4. e4 d6 5. Nf3 O-O 6. h3 e5 7. d5 a5 8. g4 Na6
9. Be3 Nd7 10. a3 Nb6 11. Rg1 Kh8 12. h4 f5 13. gxf5 gxf5 14. Ng5 Qe8 15. exf5
Bxf5 16. Bd3 e4 17. Ngxe4 Nc5 18. Nxc5 dxc5 19. Bxf5 Rxf5 20. Qg4 Bxc3+ 21.
bxc3 Qe5 22. Kd2 Na4 23. Rac1 Raf8 24. Rge1 h5 25. Qd1 Nb2 26. Qe2 b5 27. Bxc5
Qxe2+ 28. Rxe2 Nxc4+ 29. Kc2 R8f7 30. Rg1 Rxd5 31. Bd4+ Kh7 32. Re8 Rxd4 33.
cxd4 Nd6 34. Re2 Nf5 35. Re5 c6 36. Kd3 Ng7 37. Rgg5 Kh6 38. Ke3 Rb7 39. Rc5 b4
40. axb4 axb4 41. Rxc6+ Kh7 1-0

[Event "GBR-ch 108th"]
[Site "Torquay"]
[Date "2022.08.17"]
[Round "5.20"]
[White "Donaldson, Thomas"]
[Black "Richardson, John R"]
[Result "0-1"]
[WhiteElo "1982"]
[BlackElo "2296"]
[PlyCount "106"]
[EventDate "2022.08.13"]
[EventType "swiss"]
[EventRounds "9"]
[EventCountry "GBR"]
[SourceTitle "BritBase"]
[Source "John Saunders"]
[SourceDate "2022.08.22"]
[SourceVersion "1"]
[SourceVersionDate "2022.08.22"]
[SourceQuality "2"]

1. e4 c6 2. d4 d5 3. exd5 cxd5 4. c4 Nf6 5. Nc3 Nc6 6. Nf3 Bg4 7. cxd5 Nxd5 8.
Qb3 Bxf3 9. gxf3 e6 10. Qxb7 Nxd4 11. Bb5+ Nxb5 12. Qc6+ Ke7 13. Qxb5 Qd7 14.
Nxd5+ Qxd5 15. Qxd5 exd5 16. Be3 Ke6 17. O-O-O Bb4 18. Rhg1 g6 19. Rg4 a5 20.
Rgd4 Rhd8 21. Kb1 Rab8 22. R4d3 Rb5 23. a3 Be7 24. Re1 Kf5 25. a4 Rb7 26. b3
Bb4 27. Rc1 Ke6 28. Ka2 h5 29. Rc2 f6 30. Bc5 g5 31. Bd4 Rd6 32. Re3+ Kf5 33.
Kb2 Rb8 34. Rc7 Bd2 35. Re2 Bf4 36. h3 Rb4 37. Bc5 Rd8 38. Ra7 Be5+ 39. Ka2 Rh4
40. Rxa5 Rxh3 41. Re1 Rxf3 42. Rd1 h4 43. b4 h3 44. b5 d4 45. Bxd4 h2 46. Bxe5
Rxf2+ 47. Ka3 Rxd1 48. Bxh2 Rxh2 49. b6+ Ke6 50. Rb5 Ra1+ 51. Kb4 Rb2+ 52. Ka5
Rxb5+ 53. Kxb5 Kd7 0-1